ARRUPE JESUIT UNIVERSITY

CORONAVIRUS -STOP THE SPREAD - CLEAN,DISINFECT,COVER

Bara Bukoba : (Record no. 125525)

MARC details
000 -LEADER
fixed length control field 00965cam a2200301 a 4500
001 - CONTROL NUMBER
control field 903678
003 - CONTROL NUMBER IDENTIFIER
control field ARRUPE
005 - DATE AND TIME OF LATEST TRANSACTION
control field 20161017140409.0
008 - FIXED-LENGTH DATA ELEMENTS--GENERAL INFORMATION
fixed length control field 830126s1980 enkfabc b 001 0 eng
010 ## - LIBRARY OF CONGRESS CONTROL NUMBER
LC control number 81136555
015 ## - NATIONAL BIBLIOGRAPHY NUMBER
National bibliography number GB81-06015
020 ## - INTERNATIONAL STANDARD BOOK NUMBER
International Standard Book Number 0905838300 :
Terms of availability £11.50
040 ## - CATALOGING SOURCE
Original cataloging agency DLC
Transcribing agency DLC
Modifying agency DLC
041 0# - LANGUAGE CODE
Language code of text/sound track or separate title engswe
043 ## - GEOGRAPHIC AREA CODE
Geographic area code f-tz---
050 00 - LIBRARY OF CONGRESS CALL NUMBER
Classification number BX8063.T33S9613 1980
082 00 - DEWEY DECIMAL CLASSIFICATION NUMBER
Classification number 284.1/67827
Edition number 19
300 ## - PHYSICAL DESCRIPTION
Other physical details ill., 1 map, ports.,
Dimensions 23 cm.
100 1# - MAIN ENTRY--PERSONAL NAME
Personal name Sundkler, Bengt,
Dates associated with a name 1909-1995.
9 (RLIN) 26168
245 00 - TITLE STATEMENT
Title Bara Bukoba :
Remainder of title church and community in Tanzania /
Statement of responsibility, etc by Bengt Sundkler.
260 ## - PUBLICATION, DISTRIBUTION, ETC. (IMPRINT)
Place of publication, distribution, etc London :
Name of publisher, distributor, etc C. Hurst,
Date of publication, distribution, etc c1980.
300 ## - PHYSICAL DESCRIPTION
Extent ix, 229 p.;
500 ## - GENERAL NOTE
General note Includes indexes.
504 ## - BIBLIOGRAPHY, ETC. NOTE
Bibliography, etc Bibliography: p. 222-224.
610 20 - SUBJECT ADDED ENTRY--CORPORATE NAME
Corporate name or jurisdiction name as entry element Evangelical Lutheran Church in Tanzania.
Subordinate unit Diocese of Bukoba.
9 (RLIN) 26793
650 ## - SUBJECT ADDED ENTRY--TOPICAL TERM
Topical term or geographic name as entry element Bukoba (Tanzania)
General subdivision Church history.
9 (RLIN) 26794
906 ## - LOCAL DATA ELEMENT F, LDF (RLIN)
a 7
b cbc
c orignew
d 3
e ncip
f 19
g y-gencatlg
942 ## - ADDED ENTRY ELEMENTS (KOHA)
Source of classification or shelving scheme Library of Congress Classification
Koha item type Monograph ( Printed materials)
Holdings
Withdrawn status Lost status Source of classification or shelving scheme Damaged status Not for loan Collection code Home library Current library Shelving location Date acquired Total Checkouts Full call number Barcode Date last seen Price effective from Koha item type
    Library of Congress Classification     Main Collection ARRUPE LIBRARY ARRUPE LIBRARY Main Collection 17/10/2016   BX8063.T33S9613 1980 46500010782 22/11/2017 17/10/2016 Monograph ( Printed materials)

 

Arrupe Library. PO Box MP320 Mt Pleasant, Harare, Zimbabwe
263 242 745411|librarian@aju.ac.zw